LIBRARY ONLINE CATALOGUE

Estimating and Tendering for Construction Work (Record no. 16727)

MARC details
000 -LEADER
fixed length control field 00541nam a22002057a 4500
003 - CONTROL NUMBER IDENTIFIER
control field OSt
005 - DATE AND TIME OF LATEST TRANSACTION
control field 20180320113243.0
008 - FIXED-LENGTH DATA ELEMENTS--GENERAL INFORMATION
fixed length control field 180320b xxu||||| |||| 00| 0 eng d
020 ## - INTERNATIONAL STANDARD BOOK NUMBER
International Standard Book Number 978075068867
040 ## - CATALOGING SOURCE
Transcribing agency KABU
050 ## - LIBRARY OF CONGRESS CALL NUMBER
Classification number TH 435
Item number .B76 2011 C.1
100 ## - MAIN ENTRY--PERSONAL NAME
Personal name Brook, Martin
245 ## - TITLE STATEMENT
Title Estimating and Tendering for Construction Work
Remainder of title Martin Brook
250 ## - EDITION STATEMENT
Edition statement 4th ed.
260 ## - PUBLICATION, DISTRIBUTION, ETC. (IMPRINT)
Place of publication, distribution, etc. London
Name of publisher, distributor, etc. Spon Press
Date of publication, distribution, etc. 2011
300 ## - PHYSICAL DESCRIPTION
Extent xx, 359p.
650 ## - SUBJECT ADDED ENTRY--TOPICAL TERM
Topical term or geographic name as entry element Building -Estimates
650 ## - SUBJECT ADDED ENTRY--TOPICAL TERM
Topical term or geographic name as entry element Letting of contracts
942 ## - ADDED ENTRY ELEMENTS (KOHA)
Source of classification or shelving scheme Library of Congress Classification
Koha item type General Collection
Holdings
Withdrawn status Lost status Source of classification or shelving scheme Not for loan Home library Current library Date acquired Cost, normal purchase price Inventory number Total Checkouts Full call number Barcode Date last seen Date last checked out Copy number Price effective from Koha item type
    Library of Congress Classification   Kabarak, Nakuru City Campus Kabarak, Main Campus 20/03/2018 3090.00 2018/0232 1 TH 435 .B76 2011 C.1 027997 31/10/2025 26/06/2025 C. 1 20/03/2018 General Collection
    Library of Congress Classification   Kabarak, Main Campus Kabarak, Main Campus 20/03/2018 3090.00 2018/0231   TH 435 .B76 2011 C.2 028000 20/03/2018   C. 2 20/03/2018 General Collection
    Library of Congress Classification   Kabarak, Main Campus Kabarak, Main Campus 20/03/2018 3090.00 2018/0230   TH 435 .B76 2011 C.3 028001 20/03/2018   C. 3 20/03/2018 General Collection